| 000 | 00345nam a22000977a 4500 | ||
|---|---|---|---|
| 008 | 230912b |||||||| |||| 00| 0 eng d | ||
| 040 |
_aNational Science Library _cNational Science Library |
||
| 245 | _aIEEE Expert intelligent & their applications | ||
| 260 |
_bThe Institute of Electrical and Electronics Engineers, Inc., _aNew York: |
||
| 942 | _cCR | ||
| 999 |
_c60539 _d60539 |
||